000 02392cam a2200457Li 4500
001 ocn494858727
003 OCoLC
005 20100830054054.0
008 081222s2008 be a f mb 001 0 fre d
040 _aZWZ
_encafnor
_bfre
_cZWZ
020 _a9782802725756 (br)
020 _a2802725750 (br)
029 0 _aZWZ
_b130055166
035 _a(OCoLC)494858727
084 _aIA.3.
_2local_cujas
084 _a341.
_2dewbsg
049 _aSZTA
100 1 _aShaygan, Farideh
_d(1955-....)
245 1 3 _aLa compatibilité des sanctions économiques du Conseil de sécurité avec les droits de l'homme et le droit international humanitaire
_h[Texte imprimé] /
_cpar Farideh Shaygan ; préface par Djamchid Momtaz ; avant-propos de Paul Tavernier.
260 _aBruxelles :
_bBruylant,
_c2008.
300 _a1 vol. (XX-686 p.) :
_bcouv. ill. en coul. ;
_c24 cm.
490 1 _aCollection du CREDHO,
_x1378-0301 ;
_v14
500 _aCREDHO = Centre de recherches et d'études sur les droits de l'homme et le droit humanitaire.
502 _aTexte remanié de : Thèse de doctorat : Droit public : Paris 11 : 2007.
504 _aBibliogr. p. [615]-663. Notes bibliogr. Index.
610 2 7 _aNations Unies.
_bConseil de sécurité.
_2ram
610 1 7 _aNations unies
_xSanctions.
_2ram
650 7 _aSanctions économiques.
_2ram
650 7 _aDroit humanitaire.
_2ram
650 7 _aDroits de l'homme (droit européen).
_2ram
650 7 _aDroits de l'homme (droit international).
_2ram
700 1 _aMomtaz, Djamchid.
_ePréf.
700 1 _aTavernier, Paul
_d(1941-....).
_ePréf.
775 0 _tLa compatibilité des sanctions économiques du Conseil de sécurité avec les droits de l'homme et le droit international humanitaire [Texte imprimé] / Farideh Shaygan
_d[S.l.] : [s.n.], 2007
_h1 vol. (626 p.)
_w(ABES)113984421
830 0 _aCollection du CREDHO ;
_v14.
994 _aC0
_bSZT
999 _c1013
_d1013